| 000 | 01381nam a2200397 c 4500 | ||
|---|---|---|---|
| 001 | 19960 | ||
| 003 | ES-MaCES | ||
| 005 | 20141221122632.0 | ||
| 008 | 070417s2007 sp d o000 | spa d | ||
| 017 |
_aM 6477-2007 _bDL |
||
| 035 | _aCES20070004442m | ||
| 040 |
_aES-MaCES _bspa _cES-MaCES |
||
| 100 | 1 |
_aMalo de Molina, José Luis _917356 |
|
| 245 | 1 | 4 |
_aLos principales rasgos y experiencias de la integración de la economía española en la UEM _cJosé Luis Malo de Molina |
| 260 |
_aMadrid _bBanco de España, Servicio de Estudios _c[2007] |
||
| 300 |
_a38 p. _bgráf. bl. y n. _c30 cm |
||
| 490 | 1 |
_aDocumentos ocasionales _v0701 |
|
| 500 | _aResumen | ||
| 504 | _aBibliografía: p. 38 | ||
| 541 | _cGratuito | ||
| 650 | 4 |
_aintegración económica _927962 |
|
| 650 | 4 |
_aconvergencia _930771 |
|
| 650 | 4 |
_aEspaña _926964 |
|
| 650 | 4 |
_aUEM _930760 |
|
| 650 | 4 |
_acrecimiento demográfico _928511 |
|
| 650 | 4 |
_ainmigración _928632 |
|
| 650 | 4 |
_acompetitividad _928270 |
|
| 650 | 4 |
_aendeudamiento _928115 |
|
| 650 | 4 |
_aanálisis económico _927070 |
|
| 653 | 1 | 0 | _aCondiciones económicas |
| 710 | 2 |
_aBanco de España _bServicio de Estudios _eed. _91590 |
|
| 830 | 0 |
_aDocumentos ocasionales (Banco de España. Servicio de Estudios) _v0701 _933870 |
|
| 902 | _aDOC Literatura gris | ||
| 942 |
_2CES _cBK _h0.0. |
||
| 999 |
_c19960 _d19960 |
||